000 00295nam a22001097a 4500
008 170302b xxu||||| |||| 00| 0 eng d
050 _aJX1977.A1.U564(1964 Vol. 1)
245 _aUN Monthly Chronicle. /
260 _aNew York:
_bUnited Nations,
_c1964.
300 _a120p.:
_c24cm.
942 _2lcc
_cBK
999 _c6301
_d13801